000 00728nam a22001817a 4500
003 UA-OsUOA
001 15802
007 ta
008 20031209b un ||||| |||| 00| 0 ukr d
100 _aХарковець П.
942 _cSA
040 _aUA-OsUOA
_cUA-OsUOA
_dUA-OsUOA
245 _a"Бути першим - приємно, але в "золотій середині" - спокійніше...": [Про Кухченську сільраду, що в Зарічнен. р-ні, та її керівника - П. Харковця]
300 _aС.3
955 _a0
773 0 _w0
_tПолісся
_dсмт. Зарічне
_d2003
_g№48/ 28 листоп./
650 7 _aКраєзнавча робота
_2UDC
999 _c301967
_d301967